Stationary stochastic processes
保存先:
| 第一著者: | |
|---|---|
| フォーマット: | 図書 |
| 言語: | 英語 |
| 出版事項: |
Princeton
University of Princeton Press
1970
|
| 主題: | |
| タグ: |
タグ追加
タグなし, このレコードへの初めてのタグを付けませんか!
|
MARC
| LEADER | 00000nam a2200000 a 4500 | ||
|---|---|---|---|
| 001 | UCP0020 | ||
| 003 | CL-VaPUC | ||
| 008 | 990128e19700000US |||||||||||||||||eng|d | ||
| 082 | 0 | 4 | |a 519.2 |b HID |2 21 |
| 100 | |a Hida, Takeyuki |e author |9 424797 | ||
| 245 | 1 | 0 | |a Stationary stochastic processes |
| 300 | |a 161 p | ||
| 942 | |c BK | ||
| 945 | |d 19990128 00:00:00 |a crobeson | ||
| 260 | |a Princeton |b University of Princeton Press |c 1970 | ||
| 650 | 0 | |a Procesos estocásticos |9 260364 | |
| 650 | 7 | |a PROCESOS ESTACIONARIOS |2 CL-VaPUC |9 424752 | |
| 650 | 7 | |a MOVIMIENTO BROWNIANO |2 CL-VaPUC |9 270488 | |
| 650 | 7 | |a PROCESOS GAUSSIANOS |2 CL-VaPUC |9 424798 | |
| 650 | 0 | |a Espacio de Hilbert |9 260141 | |
| 650 | 7 | |a GRUPOS DE ROTACION DINAMICA FINITA |2 CL-VaPUC |9 424799 | |
| 650 | 0 | |a Análisis de Fourier |9 260464 | |
| 583 | |a last modification |c 20130317 12:13:53 |k Rodrigo Vera | ||
| 999 | |c 278906 |d 278904 | ||
| 952 | |0 0 |1 0 |4 0 |6 519_200000000000000_HID_1970 |7 0 |8 A |9 317721 |a BIBGIM |b BIBGIM |d 2019-11-20 |i 1320440 |o 519.2 HID 1970 |p 1320440 |r 2025-01-15 |w 2019-11-20 |y BK |k EST | ||